Krízové riadenie bánk v kontexte finančnej krízy

Finančné krízy. Krízové riadenie bánk. Smernice Európskeho parlamentu a Rady. Liikanenova správa. Vickersova správa. Opatrenia k stabilnému bankovému sektoru.

Gespeichert in:
Bibliographische Detailangaben
1. Verfasser: Klimiková, Mária
Format: Buchkapitel
Sprache:Slowakisch
Schlagworte:
Tags: Tag hinzufügen
Keine Tags, Fügen Sie das erste Tag hinzu!

MARC

LEADER 00000naa$a2200000$$$4500
001 0178837
005 20240502083421.3
041 0 |a slo 
044 |a CZ 
245 1 0 |a Krízové riadenie bánk v kontexte finančnej krízy  |c Mária Klimiková 
520 |a Finančné krízy. Krízové riadenie bánk. Smernice Európskeho parlamentu a Rady. Liikanenova správa. Vickersova správa. Opatrenia k stabilnému bankovému sektoru. 
610 2 0 |a banky 
610 2 0 |a riadenie 
610 2 0 |a manažment krízový 
610 2 0 |a kríza finančná 
610 2 0 |a Európska únia 
610 2 0 |a bankovníctvo retailové 
610 2 0 |a bankovníctvo investičné 
100 1 |a Klimiková, Mária